=LDR 00000nam 2200000 4500 =001 INLIS000000000023283 =005 20130612121948 =008 ***********************************Ind** =035 ##$$0010-061300000023283 =041 ##$$a Ind =082 ##$$a 658.406 =090 ##$$a 658.406, Win m =100 ##$$a Winardi, J =245 ##$$a Mnajejemen perubahan, Prof. Dr. J. Winardi, SE =260 ##$$a 2005 $b Jakarta =300 ##$$a xv, 183 hlm, 21 cm =650 ##$$a Manajemen Perubahan =850 ##$$a NBPNMAT